00360 a2200109 4500001001000000005001700010008004100027245005700068100002000125773008800145999001700233ART_4559320260410161939.0260409a 10aA comment on John Nevile's notes on aggregate supply1 aChick, Victoria0 tJournal of post Keynesian economicsg- Vol. 15, NÂș 2 (dic.1992/mar.1993)wREV26226 c29365d29365